Statistics for Doctor Who Actors Quiz #2

Click here to take the quiz!

General Stats

  • This quiz has been taken 12 times
  • The average score is 7 of 21

Answer Stats

CharacterEpisodeAnswer% Correct
Amy PondThe Eleventh HourKaren Gillan
100%
CaeciliusThe Fires of PompeiiPeter Capaldi
100%
The MasterThe Sound of DrumsJohn Simm
78%
Rory WilliamsThe Big BangArthur Darvill
67%
The DoctorAliens of LondonChristopher Eccleston
67%
The CuratorDay of the DoctorTom Baker
56%
JennyThe Doctor's DaughterGeorgia Tennant
44%
GibbisThe God ComplexDavid Walliams
33%
AshildrFace the RavenMaisie Williams
33%
Sheriff of NottinghamRobot of SherwoodBen Miller
22%
Jethro CaneMidnightColin Morgan
22%
Sarah Jane SmithSchool ReunionElisabeth Sladen
22%
Ruth ClaytonFugitive of the JudoonJo Martin
22%
The MasterThe Timeless ChildrenSacha Dhawan
22%
Petronella OsgoodThe Zygon InvasionIngrid Oliver
11%
Kate StewartThe Zygon InversionJemma Redgrave
11%
Brian WilliamsThe Power of ThreeMark Williams
11%
Madge ArwellThe Doctor, the Widow and the WardrobeClaire Skinner
0%
William ShakespeareThe Shakespeare CodeDean Lennox Kelly
0%
Captain ZhukovCold WarLiam Cunningham
0%
Madame VastraDeep BreathNeve McIntosh
0%

Score Distribution

Percentile by Number Answered

Percent of People with Each Score

Your Score History

You have not taken this quiz